000 00495nam a22001337a 4500
005 20241010102018.0
008 241010b |||||||| |||| 00| 0 eng d
100 _aWaite, Chelsea.
_eauthor.
_962671
245 _aSpotlight on project-based learning :
_bseeing the forest and the trees /
_cChelsea Waite.
260 _aWashington;
_bTaylor & Francis Group,
_cMarch-April 2020.
300 _aVolume 96, pages 30-41,
_billustration.
700 _aWaite, Chelsea.
_eauthor.
_962672
942 _2ddc
_cPER
999 _c22416
_d22416